000 00528cab a2200229 4500
001 X454
008 090401t1993 xxu||||| |||| 00| 0 eng d
035 _a(Sirsi) u65716
041 _aeng
100 _aMorgan, D.
245 _aBridging the great divide
260 _c1993
350 _a0
490 _aCSW - The Property Week
_v42(6) 11 February 1993, 24-25(2)
650 _aBALLS A.
650 _aNEWCASTLE
650 _aPROFILE
650 _aUDC
690 _aURBAN RENEWAL
942 _n0
948 _c04/03/1997
999 _c41013
_d41013